Po starom či v novom štýle? dnes volia v Düsseldorfe prezidenta UEFA

Bibliographic Details
Format: Article
Language:Slovak
PhysicalDescription:Fotogr.
ISSN:0139-7001
Subjects:

MARC

LEADER 00000nab a2200000 ar4500
001 vtls008941179
003 SK-MaSNL
005 20260303070823.0
008 070131c20070126xo wr|p|||||||000 b|slo
015 |a SNBRBL2007/01  |2 snkbucl 
038 |a SNKBUCL 
040 |a SNKBUCL  |b slo  |c SNKBUCL  |e AACR2 
041 0 |a slo 
044 |a xo  |c SK 
080 |a 796.332.071  |2 1997 
080 |a 929 Platini, Michel  |2 1997 
080 |a 929 Johanson, Lennart  |2 1997 
245 0 0 |a Po starom či v novom štýle?  |b dnes volia v Düsseldorfe prezidenta UEFA  |c Michel Platini, Lennart Johansson 
300 |b Fotogr. 
600 1 7 |a Platini, Michel,  |d 1955-  |2 snkbucl  |9 119719 
600 1 7 |a Johansson, Lennart,  |d 1929-  |2 snkbucl  |9 55894 
650 0 7 |a futbal  |2 snkbucl  |9 3291 
700 1 |a Platini, Michel,  |d 1955-  |4 ive  |9 119719 
700 1 |a Johansson, Lennart  |d 1929-  |4 ive  |9 55894 
773 0 |t Šport  |g Roč. 61, č. 21 (26.1.2007), s. 4-5  |x 0139-7001 
852 |a SNK  |b KIS3GCP 
958 |a BC 
999 |c 1757061  |d 1758991